|
|
|
|
| LEADER |
00000nam a2200000 4500 |
| 008 |
240524b2023 |||a|||| |||| 00| | spa d |
| 020 |
|
|
|a 9786076965702
|
| 090 |
|
|
|a 06.02.01
|b 2648
|
| 100 |
|
|
|a Cárdenas Olivares, Gabino
|9 4897
|
| 245 |
1 |
0 |
|a Recrear la educación en y para la vida/
|c Gabino Cárdenas Olivares, Carmen Yolanda Quintero Reyes (coordinadores)
|
| 260 |
|
|
|a Jalisco, México :
|b Secretaría de Educación del Gobierno de Jalisco,
|c 2023
|
| 300 |
|
|
|a 384 páginas;
|b ilustraciones
|
| 490 |
|
|
|a Recrea
|
| 505 |
|
|
|r Gabino Cárdenas Olivares; Flor Lizbeth Arellano Vaca
|t Re-crear la educación desde las CAV
|
| 505 |
|
|
|r Pedro Ravela
|t Reflexiones para la transformación de los formatos escolares
|
| 505 |
|
|
|r Carlos Calvo Muñoz
|t Horizontes educativos no escolarizados
|
| 505 |
|
|
|r Jacqueline García Fallas
|t No renuncies a tejer sueños
|
| 505 |
|
|
|r María Eugenia Castillo Alarcón; Johann Pirela Morillo
|t Propuesta pedagógica Ludens Community para la formación de valores en estudiantes de educación básica
|
| 505 |
|
|
|r Manuel Moreno Castañeda
|t Hacia una regeneración de la educación institucional, desde su historicidad y relacionalidad
|
| 505 |
|
|
|r Liliana Lira López
|t Pedagogías solidarias. Estrategias de formación para el bien común. Concepciones y voces de los estudiantes
|
| 505 |
|
|
|r Cuauhtémoc Cruz Herrera; Nadia Soto Chávez
|t Recrea talento: los principios refundacionales del proyecto Educativo de Jalisco puestos en práctica
|
| 505 |
|
|
|r Maricela Esquivel Domínguez; Ma. Amelia Alcántar Gutiérrez
|t ¿Quién es el adolescente después de la pandemia?
|
| 505 |
|
|
|r Sandra Heidi Wäckerlin López
|t Un viaje de innovación que pone a la persona y a la comunidad en el centro de la educación
|
| 650 |
1 |
4 |
|a EDUCACIÓN
|9 1
|
| 650 |
1 |
4 |
|a APRENDIZAJE A LO LARGO DE LA VIDA
|9 4898
|
| 700 |
|
|
|a Quintero Reyes, Carmen Yolanda
|9 4899
|
| 942 |
|
|
|2 z
|c 01
|h 06.02.01
|6 060201
|
| 999 |
|
|
|c 4048
|d 4048
|